[Event "Moehnesee Cup-B"]
[Site "Moehnesee"]
[Date "2005.08.20"]
[Round "4"]
[White "Golkar, Damian"]
[Black "Weber, Andre"]
[Result "0-1"]
[WhiteElo "1085"]
[BlackElo "1521"]
[PlyCount "58"]
[EventDate "2005.08.18"]
[EventType "swiss"]
[EventRounds "7"]
[EventCountry "GER"]
[SourceTitle "CBM 108 Extra"]
[Source "ChessBase"]
[SourceDate "2005.11.04"]
[SourceVersion "1"]
[SourceVersionDate "2005.11.04"]
[SourceQuality "1"]

1. e4 c5 2. Nf3 e6 3. d4 cxd4 4. Nxd4 a6 5. Nc3 Qc7 6. Bd3 Nf6 7. 0-0 b5 8. Qf3 Bb7 9. Qe3 Bc5 10. e5 Nd5 11. Nxd5 Bxd5 12. c3 Nc6 13. b4 Bxd4 14. cxd4 Nxb4 15. Bb1 Rc8 16. Ba3 Nc6 17. Rc1 Qa5 18. Bc5 f6 19. a3 Kf7 20. exf6 gxf6 21. Be4 Bc4 22. a4 Qc7 23. axb5 axb5 24. Bxc6 Qxc6 25. f4 h5 26. h4 Rhg8 27. Rc2 Rg4 28. Ra7 Rcg8 29. g3 Rxg3+ 0-1

[Event "Moehnesee Cup-B"]
[Site "Moehnesee"]
[Date "2005.08.18"]
[Round "1"]
[White "Grasse, Herbert"]
[Black "Golkar, Damian"]
[Result "1-0"]
[WhiteElo "1594"]
[BlackElo "1085"]
[PlyCount "41"]
[EventDate "2005.08.18"]
[EventType "swiss"]
[EventRounds "7"]
[EventCountry "GER"]
[SourceTitle "CBM 108 Extra"]
[Source "ChessBase"]
[SourceDate "2005.11.04"]
[SourceVersion "1"]
[SourceVersionDate "2005.11.04"]
[SourceQuality "1"]

1. Nf3 Nc6 2. g3 e5 3. d3 d5 4. Nbd2 Nf6 5. Bg2 Bc5 6. 0-0 0-0 7. e4 Bg4 8. c3 d4 9. c4 Nb4 10. Qb3 Re8 11. a3 Nc6 12. Qxb7 Qd7 13. Qb3 Rab8 14. Qc2 Re6 15. Kh1 Ne7 16. b4 Bxb4 17. axb4 c6 18. Ng5 Rxb4 19. Nxe6 Qxe6 20. Rxa7 h6 21. Ba3 1-0